Les villes les plus peuplées du Gers - Statistiques

Statistiques générales
  • Ce quiz a été pris 252 fois
  • Le résultat moyen est 11 sur 20
Statistiques - réponses
Population Ville % Correct
21 911 Auch
100%
7 256 Condom
89%
3 564 Mirande
83%
5 557 L'Isle-Jourdain
75%
6 279 Fleurance
71%
3 888 Eauze
69%
3 941 Lectoure
69%
2 741 Gimont
67%
3 614 Vic-Fezensac
65%
1 881 Nogaro
63%
1 830 Samatan
48%
1 396 Masseube
43%
1 403 Lombez
42%
1 647 Mauvezin
42%
2 220 Pavie
42%
1 694 Riscle
37%
1 259 Miélan
25%
1 546 Cazaubon
24%
1 520 Plaisance
22%
1 303 Barcelonne-du-Gers
12%
Aucun quiz correspondant
Distribution des résultats
% des personnes avec chaque résultat
Percentile par nombre de réponses
Votre historique - résultats
Vous n’avez pas pris ce quiz